Trombitások az 1848-1849-es szabadságharcban

The topic of military musicians and the use of military sound signals in the Hungarian War of Independence of 1848- 49 was an under-researched field until recently. This study examines the duties, training, numbers, and equipment of trumpeters on the Hungarian side using archival and published sourc...

Teljes leírás

Elmentve itt :
Bibliográfiai részletek
Szerző: Csorba György
Dokumentumtípus: Cikk
Megjelent: 2024
Sorozat:Aetas 39 No. 4
Kulcsszavak:Szabadságharc - Magyarország - 1848-1849, Hadtörténet - Magyarország - 1848-1849
Tárgyszavak:
doi:10.14232/aetas.2024.4.65-80

Online Access:http://acta.bibl.u-szeged.hu/88240
LEADER 01737nab a2200241 i 4500
001 acta88240
005 20250725124856.0
008 250725s2024 hu o 000 hun d
022 |a 0237-7934 
024 7 |a 10.14232/aetas.2024.4.65-80  |2 doi 
040 |a SZTE Egyetemi Kiadványok Repozitórium  |b hun 
041 |a hun 
041 |a eng 
100 1 |a Csorba György 
245 1 0 |a Trombitások az 1848-1849-es szabadságharcban  |h [elektronikus dokumentum] /  |c  Csorba György 
260 |c 2024 
300 |a 65-80 
490 0 |a Aetas  |v 39 No. 4 
520 3 |a The topic of military musicians and the use of military sound signals in the Hungarian War of Independence of 1848- 49 was an under-researched field until recently. This study examines the duties, training, numbers, and equipment of trumpeters on the Hungarian side using archival and published sources, as well as academic literature. While organizing the national guard and the army, Hungarian leadership continued to use the sound signals and the principles of using musicians utilized by the Austrian imperial military to accelerate training, and to have a more unified organization. While Hungarian forces faced a constant shortage of musicians, as well as difficulties in acquiring instruments during the war of independence that started in response to the policies of the Austrian government, they succeeded in using trumpeters as the basis of their military communication and transmitting orders. 
650 4 |a Bölcsészettudományok 
650 4 |a Történettudomány és régészet 
695 |a Szabadságharc - Magyarország - 1848-1849, Hadtörténet - Magyarország - 1848-1849 
856 4 0 |u http://acta.bibl.u-szeged.hu/88240/1/aetas_2024_004_065-080.pdf  |z Dokumentum-elérés